|
|
|
|
| LEADER |
00000nam a2200000 a 4500 |
| 001 |
vtls001496909 |
| 003 |
SK-MaSNL |
| 005 |
20260301074252.0 |
| 008 |
150827s2004 xo rb 000 0 slo |
| 015 |
|
|
|a SNBSAB2005-00048
|
| 035 |
|
|
|a 7FCFC94F-FA0A-4985-875B-545906FF7DFC
|
| 035 |
|
|
|a urn:nbn:sk:snk-amjdu3
|
| 035 |
|
|
|a urn:nbn:sk:snk-am003ev7
|
| 040 |
|
|
|a SNK
|b slo
|c SNK
|e AACR2
|
| 041 |
0 |
|
|a slo
|
| 044 |
|
|
|a xo
|c SK
|
| 072 |
|
7 |
|a 613
|x Hygiena. Ľudské zdravie
|2 konspekt
|
| 080 |
|
|
|a 613.2:663/664(437.6)(041)
|2 1981
|
| 080 |
|
|
|a 663/664
|2 1981
|
| 245 |
0 |
0 |
|a Svetový deň výživy
|b 16. október
|
| 250 |
|
|
|a [1. vyd.]
|
| 260 |
|
|
|a Košice
|b KMK
|c 2004
|
| 300 |
|
|
|a 1 zložený list
|c 21 cm
|
| 504 |
|
|
|a Usporiadanie temat. 13 zázn. o čl. a kn. v slov.
|
| 611 |
2 |
7 |
|a Svetový deň výživy
|2 SNKKA
|9 396623
|
| 650 |
0 |
7 |
|a potraviny
|z Slovensko
|2 SNKPH
|9 396624
|
| 655 |
|
7 |
|a bibliografické letáky
|2 SNKPH
|9 74589
|
| 710 |
2 |
|
|a Knižnica pre mládež mesta Košice
|4 pbl
|9 32636
|
| 999 |
|
|
|c 646739
|d 648669
|
| 952 |
|
|
|a SNK
|b SNK
|y PREZ
|7 0
|p 17A0458409
|o snkOSC 22898
|i snk2005/2668
|8 0
|0 0
|1 0
|4 0
|d 2005-02-23
|f 1
|l 0
|r 2026-02-23 18:10:31
|w 2026-02-23
|